[Event "Campos do Jordao op"]
[Site "Campos do Jordao"]
[Date "2020.11.07"]
[Round "3"]
[White "Duarte, Bruno Cesar Wilbert"]
[Black "Deus Filho, Joaquim"]
[Result "1-0"]
[WhiteElo "1832"]
[BlackElo "1899"]
[PlyCount "88"]
[EventDate "2020.11.06"]
[EventType "swiss"]
[EventRounds "5"]
[EventCountry "BRA"]
[SourceTitle "CBM 199 Extra"]
[Source "ChessBase"]
[SourceDate "2021.01.31"]
[SourceVersion "1"]
[SourceVersionDate "2021.01.31"]
[SourceQuality "1"]

1. d4 d6 2. e4 Nd7 3. Nc3 e5 4. Bc4 Ngf6 5. Nf3 Be7 6. Ng5 0-0 7. f4 exd4 8. Qxd4 c6 9. Be2 h6 10. Nf3 Re8 11. Be3 Qa5 12. Nd2 b5 13. Nb3 Qc7 14. 0-0 Nb6 15. a3 Be6 16. Qd1 Bc4 17. Bd3 Rad8 18. Nd4 Bf8 19. Qf3 Be6 20. b3 Bc8 21. Kh1 a6 22. e5 Nfd5 23. Nxd5 Nxd5 24. Bd2 Ne7 25. Qe4 g6 26. f5 d5 27. Qg4 Bg7 28. e6 f6 29. Qh3 g5 30. b4 c5 31. bxc5 Qxc5 32. Nb3 Qd6 33. Ba5 Bb7 34. Bxd8 Rxd8 35. Na5 Ba8 36. Qh5 Rf8 37. Qg4 Qb6 38. Nb3 Nc6 39. Rfe1 Ne5 40. Qd4 Qb8 41. Nc5 Qa7 42. a4 Nc6 43. Qxd5 Rd8 44. Qxd8+ Nxd8 1-0

[Event "Campos do Jordao op"]
[Site "Campos do Jordao"]
[Date "2020.11.06"]
[Round "1"]
[White "Duarte, Bruno Cesar Wilbert"]
[Black "De la Torre, Alexsander Eladio"]
[Result "1-0"]
[WhiteElo "1832"]
[BlackElo "1751"]
[PlyCount "70"]
[EventDate "2020.11.06"]
[EventType "swiss"]
[EventRounds "5"]
[EventCountry "BRA"]
[SourceTitle "CBM 199 Extra"]
[Source "ChessBase"]
[SourceDate "2021.01.31"]
[SourceVersion "1"]
[SourceVersionDate "2021.01.31"]
[SourceQuality "1"]

1. d4 Nf6 2. Nf3 e6 3. c4 b6 4. g3 Bb7 5. Bg2 c5 6. d5 exd5 7. Nh4 Be7 8. 0-0 0-0 9. cxd5 d6 10. Nf5 Re8 11. Nxe7+ Qxe7 12. Nc3 Nbd7 13. Re1 Ne5 14. f4 Ng6 15. e4 Nd7 16. Nb5 Nf6 17. e5 Rad8 18. e6 a6 19. Nc3 Kh8 20. f5 Ne5 21. Bf4 Neg4 22. h3 Nh6 23. g4 Nfg8 24. Qd3 f6 25. a4 Rc8 26. Qg3 Red8 27. Ne4 Bxd5 28. Nxd6 Bxg2 29. Nxc8 Rxc8 30. Qxg2 Qe8 31. Qb7 Ne7 32. Rad1 Nc6 33. Rd7 Na5 34. Qxb6 Nc4 35. Qb7 Qg8 1-0

[Event "Rio de Janeiro Regional Sudeste"]
[Site "Rio de Janeiro"]
[Date "2013.03.30"]
[Round "4"]
[White "Pertuzatti, Daniel"]
[Black "Duarte, Bruno Cesar Wilbert"]
[Result "1/2-1/2"]
[WhiteElo "1996"]
[BlackElo "1800"]
[PlyCount "131"]
[EventDate "2013.03.29"]
[EventType "swiss"]
[EventRounds "6"]
[EventCountry "BRA"]
[SourceTitle "CBM 153 Extra"]
[Source "ChessBase"]
[SourceDate "2013.04.22"]
[SourceVersion "1"]
[SourceVersionDate "2013.04.22"]
[SourceQuality "1"]

1. g4 d5 2. Bg2 e6 3. d4 Be7 4. c4 c6 5. Nc3 dxc4 6. Nf3 Nf6 7. h3 Nd5 8. e4 Nb4 9. 0-0 Nd3 10. Qc2 Nxc1 11. Qxc1 Nd7 12. Qe3 0-0 13. Nd2 e5 14. Nxc4 exd4 15. Qxd4 Bc5 16. Qd2 Nb6 17. Qe2 Be6 18. Ne3 g6 19. Rfd1 Qg5 20. b3 h5 21. Bf3 hxg4 22. hxg4 Rae8 23. Kf1 Bxe3 24. Qxe3 Qxe3 25. fxe3 Nd7 26. Ke2 Kg7 27. Rh1 Ne5 28. Rag1 Rd8 29. Nd1 Nxf3 30. Kxf3 Rd2 31. Nc3 Rfd8 32. Rd1 Rxd1 33. Rxd1 Rxd1 34. Nxd1 Kf6 35. Nf2 Kg5 36. e5 Kh4 37. Kf4 b6 38. g5 Bf5 39. e4 Be6 40. Nd1 c5 41. Nc3 Bd7 42. Nd5 b5 43. a3 a5 44. Nb6 b4 45. axb4 cxb4 46. Nc4 a4 47. bxa4 Bxa4 48. Nb2 Bb5 49. Nd1 Be2 50. Nb2 Bb5 51. Nd1 Be2 52. Nb2 b3 53. Na4 Kh3 54. Nb2 Bg4 55. Nd3 Be6 56. Kf3 Bg4+ 57. Kf4 Be2 58. Nb2 Kh4 59. Na4 Bd3 60. Nb2 Bc2 61. Nc4 Bxe4 62. Kxe4 Kg4 63. Kd3 Kf4 64. Nd6 Kxe5 65. Nxf7+ Ke6 66. Nh6 1/2-1/2